Countries of the World by Most Common Surnames - Statistics

General Stats
  • This quiz has been taken 222 times
  • The average score is 31 of 196
Answers on the Map
Answers color-coded by a green-red scale on the quiz's map according to % correct below.
 
Answer Stats
Country Surnames % Correct
Australia | Canada | New Zealand | +2 others Smith
90%
Marshall Islands | Papua New Guinea John
55%
Andorra | Ecuador | Spain Garcia
54%
Germany | Switzerland Müller
52%
Kazakhstan | North Korea | South Korea | Uzbekistan Kim
51%
China Wang
51%
Vietnam Nguyen
49%
France Martin
47%
Trinidad and Tobago Mohammed
47%
Colombia | Costa Rica | Cuba | +3 others Rodriguez
44%
Brazil Da Silva
39%
Bahrain | Eritrea | Kuwait | +3 others Ali
36%
El Salvador | Honduras | Mexico Hernandez
36%
Taiwan Chen
34%
Belize Martinez
34%
Portugal Silva
34%
Pakistan | Qatar | Saudi Arabia Khan
32%
Cape Verde Lopes
32%
Argentina | Chile | Paraguay | Venezuela Gonzalez
31%
Guatemala | Nicaragua Lopez
31%
Sweden Andersson
28%
Russia Ivanova
27%
Belarus | Bulgaria Ivanov
26%
Italy | Monaco Rossi
24%
Guinea-Bissau Gomes
22%
Ireland Murphy
22%
Slovenia Novak
22%
Poland Nowak
22%
Mauritania Ba
21%
São Tomé and Príncipe Fernandes
21%
Haiti Jean
21%
Israel Cohen
20%
Netherlands De Jong
20%
Sudan Ahmed
19%
Comoros | Djibouti | Egypt | +3 others Mohamed
19%
Saint Kitts and Nevis | Saint Vincent and the Grenadines Williams
18%
Denmark Jensen
16%
Norway Hansen
15%
Jamaica Brown
14%
Suriname Lin
14%
Greece Papadopoulos
14%
Japan Satō
14%
Philippines Dela Cruz
10%
Fiji Kumar
10%
Lebanon El Din
8%
Malaysia | Singapore Tan
8%
Turkey Yilmaz
8%
Jordan Allah
7%
Croatia Horvat
7%
Hungary Nagy
7%
India Devi
6%
Austria Gruber
6%
Romania Popa
6%
Luxembourg Schmit
6%
Serbia Jovanović
5%
Ivory Coast Kone
5%
Finland Korhonen
5%
Ukraine Melnik
5%
Belgium Peeters
5%
Montenegro Popović
5%
Mali Traore
5%
Grenada Charles
4%
Antigua and Barbuda | Dominica | Saint Lucia Joseph
4%
Iran Mohammadi
4%
Afghanistan Muhammadi
4%
Estonia Tamm
4%
Slovakia Varga
4%
Malta Borg
3%
Guinea Diallo
3%
Nauru Harris
3%
Albania Hoxha
3%
Nigeria Ibrahim
3%
Namibia Johannes
3%
Solomon Islands Mae
3%
Central African Republic Moussa
3%
Cameroon Ngo
3%
Indonesia Sari
3%
Cambodia Sok
3%
Niger Abdou
2%
Latvia Bērziņš
2%
Barbados Clarke
2%
Cyprus Georgiou
2%
Armenia Grigoryan
2%
Gambia Jallow
2%
Iceland Jónsdóttir
2%
Tanzania Juma
2%
Sierra Leone Kamara
2%
Lithuania Kazlauskas
2%
Angola Manuel
2%
Federated States of Micronesia Mori
2%
Senegal Ndiaye
2%
Burkina Faso Ouedraogo
2%
Peru Quispe
2%
Algeria Saidi
2%
North Macedonia Stojanovski
2%
Vanuatu Tari
2%
Uganda Akello
1%
Bangladesh Akter
1%
Morocco Alaoui
1%
Oman Al Balushi
1%
Tuvalu Apinelu
1%
Vatican City Bachmann
1%
Malawi Banda
1%
Mauritius Beeharry
1%
Georgia Beridze
1%
Benin Bio
1%
Liechtenstein Büchel
1%
Nepal Caudhari
1%
South Sudan Deng
1%
Eswatini Dlamini
1%
Bhutan Dorji
1%
Mongolia Ganbold
1%
San Marino Gasperoni
1%
Brunei Haji
1%
Seychelles Hoareau
1%
Bosnia and Herzegovina Hodžić
1%
Democratic Republic of the Congo Ilunga
1%
Laos Inthavong
1%
Kiribati Ioane
1%
Kyrgyzstan Ismailova
1%
Syria Khaled
1%
Liberia Kollie
1%
Kosovo Krasniqi
1%
Mozambique Langa
1%
Tonga Latu
1%
Togo Lawson
1%
Chad Mahamat
1%
Bolivia Mamani
1%
Turkmenistan Mamedova
1%
Azerbaijan Mammadova
1%
Myanmar Maung
1%
Ghana Mensah
1%
Samoa Meredith
1%
Lesotho Mohapi
1%
Botswana Molefe
1%
Zimbabwe Moyo
1%
Kenya Mwangi
1%
Gabon Ndong
1%
Republic of the Congo Ngoma
1%
Equatorial Guinea Nguema
1%
South Africa Nkosi
1%
Burundi Nkurunziza
1%
Czech Republic Nováková
1%
Sri Lanka Perera
1%
Guyana Persaud
1%
Zambia Phiri
1%
Madagascar Rakotomalala
1%
Bahamas Rolle
1%
Moldova Rusu
1%
Thailand Saetang
1%
Tajikistan Sharipov
1%
East Timor Soares
1%
Palau Tellei
1%
Ethiopia Tesfaye
1%
Tunisia Trabelsi
1%
Rwanda Uwimana
1%
No matching quizzes found
Score Distribution
Percent of People with Each Score
Percentile by Number Answered
Your Score History
You have not taken this quiz